[Event "Oberliga Sued W 1819"]
[Site "Germany"]
[Date "2019.04.07"]
[Round "9.4"]
[White "Steinkohl, Thomas"]
[Black "Gress, Alexander"]
[Result "0-1"]
[WhiteElo "2207"]
[BlackElo "2210"]
[PlyCount "58"]
[EventDate "2018.10.21"]
[EventType "team-tourn"]
[EventRounds "9"]
[EventCountry "GER"]
[SourceTitle "EXT 2020"]
[Source "ChessBase"]
[SourceDate "2019.10.17"]
[SourceVersion "1"]
[SourceVersionDate "2019.10.17"]
[SourceQuality "1"]
[WhiteTeam "Worms"]
[BlackTeam "Schwarzenbach Caissa"]
[WhiteTeamCountry "GER"]
[BlackTeamCountry "GER"]

1. c4 c5 2. Nc3 Nf6 3. Nf3 d5 4. cxd5 Nxd5 5. e4 Nb4 6. Bc4 Nd3+ 7. Ke2 Nf4+ 8. Kf1 Nd3 9. h4 Nc6 10. h5 h6 11. Nd5 Nxc1 12. Qxc1 e6 13. Qc3 exd5 14. exd5 Nd4 15. Nxd4 cxd4 16. Qxd4 Qf6 17. Qe4+ Kd8 18. d6 Bxd6 19. Re1 Bd7 20. Qxb7 Rc8 21. Bb5 Qf5 22. Bxd7 Qxd7 23. Qa6 Re8 24. Rxe8+ Kxe8 25. Rh3 Rc1+ 26. Ke2 Qg4+ 27. Kd3 Bc5 28. Rf3 Qd4+ 29. Ke2 Qe4+ 0-1

[Event "Oberliga Sued W 1819"]
[Site "Germany"]
[Date "2019.03.24"]
[Round "8.5"]
[White "Leuranguer, Yannick"]
[Black "Steinkohl, Thomas"]
[Result "1/2-1/2"]
[WhiteElo "2251"]
[BlackElo "2207"]
[PlyCount "35"]
[EventDate "2018.10.21"]
[EventType "team-tourn"]
[EventRounds "9"]
[EventCountry "GER"]
[SourceTitle "EXT 2020"]
[Source "ChessBase"]
[SourceDate "2019.10.17"]
[SourceVersion "1"]
[SourceVersionDate "2019.10.17"]
[SourceQuality "1"]
[WhiteTeam "Landau"]
[BlackTeam "Worms"]
[WhiteTeamCountry "GER"]
[BlackTeamCountry "GER"]

1. e4 e5 2. Nf3 Nc6 3. d4 exd4 4. Nxd4 Nf6 5. Nc3 Bb4 6. Nxc6 bxc6 7. Bd3 d5 8. exd5 cxd5 9. 0-0 0-0 10. Bg5 c6 11. Qf3 Be7 12. h3 Be6 13. Ne2 c5 14. Ng3 c4 15. Bf5 Qd7 16. Be3 g6 17. Bxe6 fxe6 18. Bd4 1/2-1/2

[Event "Oberliga Sued W 1819"]
[Site "Germany"]
[Date "2019.02.03"]
[Round "6.4"]
[White "Steinkohl, Thomas"]
[Black "Hell, Manfred"]
[Result "1-0"]
[WhiteElo "2207"]
[BlackElo "2147"]
[PlyCount "55"]
[EventDate "2018.10.21"]
[EventType "team-tourn"]
[EventRounds "9"]
[EventCountry "GER"]
[SourceTitle "EXT 2020"]
[Source "ChessBase"]
[SourceDate "2019.10.17"]
[SourceVersion "1"]
[SourceVersionDate "2019.10.17"]
[SourceQuality "1"]
[WhiteTeam "Worms"]
[BlackTeam "Winterbach Turm"]
[WhiteTeamCountry "GER"]
[BlackTeamCountry "GER"]

1. e4 e6 2. d4 d5 3. Nc3 Bb4 4. e5 c5 5. a3 Bxc3+ 6. bxc3 Qa5 7. Bd2 Qa4 8. Qb1 c4 9. h4 Nc6 10. h5 h6 11. Ne2 Nge7 12. g4 b6 13. Rh3 Bd7 14. Rf3 Rf8 15. g5 hxg5 16. Bxg5 Nf5 17. Bh3 f6 18. Bxf5 exf5 19. exf6 gxf6 20. Bf4 0-0-0 21. Kd2 Rde8 22. Re3 Re4 23. Qg1 Rfe8 24. h6 Ne5 25. dxe5 fxe5 26. Bxe5 R4xe5 27. Rxe5 Rxe5 28. Nd4 1-0

[Event "Oberliga Sued W 1819"]
[Site "Germany"]
[Date "2018.11.25"]
[Round "3.4"]
[White "Forthoffer, Patrick"]
[Black "Steinkohl, Thomas"]
[Result "0-1"]
[WhiteElo "2193"]
[BlackElo "2207"]
[PlyCount "46"]
[EventDate "2018.10.21"]
[EventType "team-tourn"]
[EventRounds "9"]
[EventCountry "GER"]
[SourceTitle "EXT 2020"]
[Source "ChessBase"]
[SourceDate "2019.10.17"]
[SourceVersion "1"]
[SourceVersionDate "2019.10.17"]
[SourceQuality "1"]
[WhiteTeam "Saarbruecken Gambit"]
[BlackTeam "Worms"]
[WhiteTeamCountry "GER"]
[BlackTeamCountry "GER"]

1. d4 c6 2. c4 d5 3. Nf3 Nf6 4. cxd5 cxd5 5. Nc3 Bf5 6. Bf4 e6 7. Qb3 Qb6 8. Qxb6 axb6 9. e3 Bb4 10. Bb5+ Ke7 11. 0-0 Bxc3 12. bxc3 Rc8 13. Rfc1 Nc6 14. Bg5 Ra3 15. Ne5 h6 16. Bh4 g5 17. Bxc6 bxc6 18. Bg3 Ne4 19. c4 f6 20. Nf3 Nc3 21. Kf1 Bd3+ 22. Ke1 dxc4 23. Nd2 b5 0-1

[Event "Oberliga Sued W 1819"]
[Site "Germany"]
[Date "2018.10.21"]
[Round "1.4"]
[White "Kaster, Martin"]
[Black "Steinkohl, Thomas"]
[Result "0-1"]
[WhiteElo "2083"]
[BlackElo "2207"]
[PlyCount "118"]
[EventDate "2018.10.21"]
[EventType "team-tourn"]
[EventRounds "9"]
[EventCountry "GER"]
[SourceTitle "EXT 2020"]
[Source "ChessBase"]
[SourceDate "2019.10.17"]
[SourceVersion "1"]
[SourceVersionDate "2019.10.17"]
[SourceQuality "1"]
[WhiteTeam "Altenkirchen"]
[BlackTeam "Worms"]
[WhiteTeamCountry "GER"]
[BlackTeamCountry "GER"]

1. Nf3 e6 2. g3 c5 3. Bg2 Nc6 4. 0-0 Nf6 5. d4 Qb6 6. c3 d5 7. h3 Bd7 8. dxc5 Bxc5 9. b4 Bd6 10. Be3 Qc7 11. Nbd2 0-0 12. Bg5 a5 13. Bxf6 gxf6 14. a3 Ne5 15. Qb3 Nxf3+ 16. Nxf3 Rfc8 17. Rac1 Bb5 18. Nd4 Bc4 19. Qb2 Qb6 20. Rfd1 f5 21. Qd2 Qd8 22. Qh6 Bf8 23. Qh5 axb4 24. axb4 Qf6 25. g4 f4 26. Rd2 Qh6 27. Qxh6 Bxh6 28. Bf3 Bg5 29. Rb1 Ra3 30. Rc2 Rca8 31. Kh2 Kf8 32. b5 Ra2 33. Rxa2 Rxa2 34. b6 Ke7 35. Kg1 Kd6 36. Bg2 Ra3 37. Nf3 Bd8 38. Nd2 Bxe2 39. c4 f3 40. Bf1 Ra2 41. Nb3 Bxb6 42. Nc1 Rd2 43. Nxe2 fxe2 44. Bxe2 Bc5 45. Bf1 Rxf2 46. Kh1 d4 47. Rd1 h6 48. Bg2 b6 49. Rf1 d3 50. Rxf2 Bxf2 51. Bf1 d2 52. Be2 Ke5 53. Kg2 Bh4 54. Kf3 Kd4 55. Bd1 Kxc4 56. Ke2 Kc3 57. Ba4 f5 58. gxf5 exf5 59. Bd7 Kc2 0-1

[Event "Oberliga Sued W 1718"]
[Site "Germany"]
[Date "2018.04.15"]
[Round "11.4"]
[White "Holle, Cedric"]
[Black "Steinkohl, Thomas"]
[Result "1/2-1/2"]
[WhiteElo "2096"]
[BlackElo "2194"]
[PlyCount "81"]
[EventDate "2017.09.10"]
[EventType "team-tourn"]
[EventRounds "11"]
[EventCountry "GER"]
[SourceTitle "EXT 2019"]
[Source "ChessBase"]
[SourceDate "2018.10.10"]
[SourceVersion "1"]
[SourceVersionDate "2018.10.10"]
[SourceQuality "1"]
[WhiteTeam "Schwarzenbach Caissa"]
[BlackTeam "Worms"]
[WhiteTeamCountry "GER"]
[BlackTeamCountry "GER"]

1. e4 d5 2. exd5 Nf6 3. d4 Bg4 4. Nf3 Qxd5 5. Nc3 Qa5 6. Bd2 e6 7. Bc4 Bb4 8. a3 Bxc3 9. Bxc3 Qf5 10. h3 Bxf3 11. Qxf3 Qxf3 12. gxf3 Nd5 13. Bd2 Nc6 14. c3 0-0-0 15. f4 Nde7 16. 0-0-0 g6 17. f5 gxf5 18. Bg5 Rhg8 19. f4 Rg6 20. h4 h5 21. Rhe1 Re8 22. d5 Nd8 23. d6 cxd6 24. Rxd6 Nec6 25. b4 Kc7 26. Red1 f6 27. Rd7+ Kc8 28. b5 Na5 29. Rxd8+ Rxd8 30. Bxe6+ Kc7 31. Rxd8 Kxd8 32. Bxf5 fxg5 33. Bxg6 gxh4 34. a4 b6 35. Kd2 Ke7 36. Ke3 Kf6 37. Bd3 Nb3 38. Kf3 Nc5 39. Bc2 Ne6 40. Be4 Nc5 41. Bc2 1/2-1/2

[Event "Oberliga Sued W 1718"]
[Site "Germany"]
[Date "2017.10.22"]
[Round "3.4"]
[White "Steinkohl, Thomas"]
[Black "Schmidt, Johannes"]
[Result "1-0"]
[WhiteElo "2194"]
[BlackElo "2164"]
[PlyCount "73"]
[EventDate "2017.09.10"]
[EventType "team-tourn"]
[EventRounds "11"]
[EventCountry "GER"]
[SourceTitle "EXT 2019"]
[Source "ChessBase"]
[SourceDate "2018.10.10"]
[SourceVersion "1"]
[SourceVersionDate "2018.10.10"]
[SourceQuality "1"]
[WhiteTeam "Worms"]
[BlackTeam "Illingen Turm"]
[WhiteTeamCountry "GER"]
[BlackTeamCountry "GER"]

1. e4 c5 2. Nf3 e6 3. d4 cxd4 4. Nxd4 Nf6 5. Nc3 d6 6. Bc4 Nc6 7. Be3 Be7 8. Qe2 a6 9. 0-0-0 Qc7 10. Bb3 Na5 11. g4 b5 12. g5 Nxb3+ 13. axb3 Nd7 14. Nf5 exf5 15. Nd5 Qd8 16. exf5 Kf8 17. f6 gxf6 18. gxf6 Bxf6 19. Bh6+ Bg7 20. Bxg7+ Kxg7 21. Rhg1+ Kf8 22. Qg4 Ke8 23. Qg7 Rf8 24. Rge1+ Ne5 25. f4 Kd7 26. fxe5 Kc6 27. Nb4+ Kc7 28. exd6+ Kb6 29. Qd4+ Kb7 30. Qd5+ Kb6 31. Qd4+ Kb7 32. Qd5+ Kb6 33. Qc6+ Ka7 34. Re7+ Kb8 35. Rc7 Ra7 36. Qb6+ Rb7 37. Nc6+ 1-0

[Event "Oberliga Sued W 1617"]
[Site "Germany"]
[Date "2017.03.19"]
[Round "8.5"]
[White "Steinkohl, Thomas"]
[Black "Kaster, Martin"]
[Result "1-0"]
[WhiteElo "2192"]
[BlackElo "2116"]
[PlyCount "115"]
[EventDate "2016.09.25"]
[EventType "team-tourn"]
[EventRounds "9"]
[EventCountry "GER"]
[SourceTitle "EXT 2018"]
[Source "ChessBase"]
[SourceDate "2017.10.13"]
[SourceVersion "1"]
[SourceVersionDate "2017.10.13"]
[SourceQuality "1"]
[WhiteTeam "Worms"]
[BlackTeam "Altenkirchen"]
[WhiteTeamCountry "GER"]
[BlackTeamCountry "GER"]

1. d4 f5 2. g3 Nf6 3. Bg2 e6 4. Nh3 Be7 5. 0-0 0-0 6. b3 d6 7. Bb2 c6 8. Nd2 Qe8 9. Re1 d5 10. c4 Ng4 11. e4 dxe4 12. Nxe4 e5 13. f3 Nh6 14. Nef2 exd4 15. Qxd4 Qf7 16. Qxg7+ Qxg7 17. Bxg7 Kxg7 18. Rxe7+ Rf7 19. Rae1 Kf6 20. Re8 Nd7 21. R1e6+ Kg7 22. Nf4 Nf6 23. Rd8 Rd7 24. Rxd7+ Bxd7 25. Nh5+ Nxh5 26. Re7+ Nf7 27. Rxd7 Rb8 28. Nd3 Nf6 29. Re7 Kf8 30. Re6 Kg7 31. Nc5 Ne8 32. f4 Ned6 33. Bf3 Rd8 34. Re7 Kf6 35. Re6+ Kg7 36. Re2 Kf6 37. Kf2 b6 38. Ne6 Re8 39. Nd4 Rxe2+ 40. Kxe2 c5 41. Nc6 Nc8 42. Ke3 h6 43. Bd5 Nfd6 44. h3 a6 45. Nb8 a5 46. Nd7+ Ke7 47. Ne5 Kd8 48. g4 Ne7 49. Be6 Ke8 50. g5 h5 51. g6 Kf8 52. Nd7+ Kg7 53. Nxb6 Kxg6 54. Nd7 Ne4 55. Ne5+ Kf6 56. Bf7 h4 57. Be8 Nd6 58. Bh5 1-0

[Event "Oberliga Sued W 1617"]
[Site "Germany"]
[Date "2016.10.16"]
[Round "2.5"]
[White "Cremer, Kevin"]
[Black "Steinkohl, Thomas"]
[Result "1-0"]
[WhiteElo "2166"]
[BlackElo "2192"]
[PlyCount "63"]
[EventDate "2016.09.25"]
[EventType "team-tourn"]
[EventRounds "9"]
[EventCountry "GER"]
[SourceTitle "EXT 2018"]
[Source "ChessBase"]
[SourceDate "2017.10.13"]
[SourceVersion "1"]
[SourceVersionDate "2017.10.13"]
[SourceQuality "1"]
[WhiteTeam "Schott Mainz"]
[BlackTeam "Worms"]
[WhiteTeamCountry "GER"]
[BlackTeamCountry "GER"]

1. e3 e5 2. c4 d6 3. Nc3 g6 4. d4 Nc6 5. h4 h5 6. d5 Nce7 7. Bd3 c5 8. Nh3 Nf5 9. Bxf5 Bxf5 10. Ng5 Qe7 11. Nb5 a6 12. Qa4 0-0-0 13. Bd2 axb5 14. cxb5 f6 15. Nf3 Qc7 16. Bc3 Ne7 17. e4 Bd7 18. Nd2 Kb8 19. Nc4 Nc8 20. Qb3 b6 21. a4 Na7 22. a5 Nxb5 23. axb6 Qb7 24. Ra5 f5 25. Rxb5 Bxb5 26. Qxb5 fxe4 27. Na5 Qd7 28. Nc6+ Kb7 29. Na5+ Kb8 30. Qa6 Rc8 31. b7 Kc7 32. Nc6 1-0

[Event "Oberliga Sued W 1516"]
[Site "Germany"]
[Date "2015.12.13"]
[Round "4.5"]
[White "Steinkohl, Thomas"]
[Black "Biehler, Thomas"]
[Result "1-0"]
[WhiteElo "2211"]
[BlackElo "2236"]
[PlyCount "75"]
[EventDate "2015.09.20"]
[EventType "team-tourn"]
[EventRounds "9"]
[EventCountry "GER"]
[SourceTitle "CBM 170 Extra"]
[Source "ChessBase"]
[SourceDate "2016.02.25"]
[SourceVersion "1"]
[SourceVersionDate "2016.02.25"]
[SourceQuality "1"]
[WhiteTeam "Worms"]
[BlackTeam "Illingen Turm"]
[WhiteTeamCountry "GER"]
[BlackTeamCountry "GER"]

1. d4 Nf6 2. c4 e6 3. e3 b6 4. Bd3 Bb7 5. Nf3 Bb4+ 6. Bd2 Be7 7. Nc3 d5 8. cxd5 exd5 9. Ne5 0-0 10. Qf3 c5 11. Qh3 Nc6 12. Rd1 cxd4 13. Nxc6 Bxc6 14. exd4 Qd7 15. Qxd7 Nxd7 16. 0-0 Rfe8 17. Nb5 Rec8 18. Bf4 Nf8 19. Nd6 Bxd6 20. Bxd6 Ne6 21. Ba6 Rd8 22. Bb4 Rd7 23. Rfe1 g6 24. Re3 Nc7 25. Be2 a5 26. Bd2 Bb5 27. Bf3 Re8 28. Rxe8+ Nxe8 29. Re1 Nc7 30. Bg5 a4 31. b3 axb3 32. axb3 Bd3 33. Re7 Rxe7 34. Bxe7 Bc2 35. b4 Be4 36. Bd8 Na6 37. b5 Nb4 38. Bxb6 1-0

[Event "Oberliga Sued W 1516"]
[Site "Germany"]
[Date "2015.11.15"]
[Round "3.5"]
[White "Bauer, Bjoern Benny"]
[Black "Steinkohl, Thomas"]
[Result "1-0"]
[WhiteElo "2051"]
[BlackElo "2211"]
[PlyCount "39"]
[EventDate "2015.09.20"]
[EventType "team-tourn"]
[EventRounds "9"]
[EventCountry "GER"]
[SourceTitle "CBM 170 Extra"]
[Source "ChessBase"]
[SourceDate "2016.02.25"]
[SourceVersion "1"]
[SourceVersionDate "2016.02.25"]
[SourceQuality "1"]
[WhiteTeam "Gau Algesheim"]
[BlackTeam "Worms"]
[WhiteTeamCountry "GER"]
[BlackTeamCountry "GER"]

1. d4 Nf6 2. c4 e6 3. Nf3 d5 4. Nc3 Be7 5. Bf4 0-0 6. Qc2 c5 7. e3 cxd4 8. exd4 Nc6 9. Rd1 Qa5 10. Be2 dxc4 11. Bxc4 Nb4 12. Qb3 Qf5 13. Be5 Nc2+ 14. Kf1 Nb4 15. Ne2 Bd7 16. Ng3 Qg6 17. Bf4 Rfd8 18. a3 b5 19. Be2 Qg4 20. Bc1 1-0

[Event "Oberliga Sued W 1415"]
[Site "Germany"]
[Date "2014.11.09"]
[Round "3.7"]
[White "Steinkohl, Thomas"]
[Black "Edel, Ivo"]
[Result "1-0"]
[WhiteElo "2245"]
[BlackElo "1920"]
[PlyCount "79"]
[EventDate "2014.09.21"]
[EventType "team-tourn"]
[EventRounds "9"]
[EventCountry "GER"]
[SourceTitle "EXT 2019"]
[Source "ChessBase"]
[SourceDate "2018.10.10"]
[SourceVersion "1"]
[SourceVersionDate "2018.10.10"]
[SourceQuality "1"]
[WhiteTeam "Worms"]
[BlackTeam "Mutterstadt"]
[WhiteTeamCountry "GER"]
[BlackTeamCountry "GER"]

1. d4 Nf6 2. c4 g6 3. Nc3 Bg7 4. e4 d6 5. Nf3 0-0 6. Be2 e5 7. 0-0 Nc6 8. d5 Ne7 9. b4 a5 10. bxa5 Rxa5 11. a4 Nd7 12. Ba3 b6 13. Bb4 Ra8 14. a5 bxa5 15. Rxa5 Rxa5 16. Bxa5 Nc5 17. Nb5 Qd7 18. Bxc7 Nxe4 19. Qc2 f5 20. Ra1 Nc3 21. Qxc3 e4 22. Nfd4 f4 23. Ra7 f3 24. Bf1 fxg2 25. Bxg2 Qg4 26. Bxd6 Qd1+ 27. Bf1 Rf3 28. Ra1 Qxf1+ 29. Kxf1 Rxc3 30. Nxc3 Bh3+ 31. Ke1 Bxd4 32. Ra8+ Kf7 33. Nxe4 Nf5 34. Bb4 Bg2 35. Ng5+ Kf6 36. f4 h6 37. Rf8+ Kg7 38. Ne6+ Kh7 39. Rxf5 gxf5 40. Nxd4 1-0

[Event "Oberliga Sued W 1415"]
[Site "Germany"]
[Date "2014.10.19"]
[Round "2.8"]
[White "Steinkohl, Thomas"]
[Black "Bohn, Thomas"]
[Result "0-1"]
[WhiteElo "2245"]
[BlackElo "2338"]
[PlyCount "72"]
[EventDate "2014.09.21"]
[EventType "team-tourn"]
[EventRounds "9"]
[EventCountry "GER"]
[SourceTitle "EXT 2019"]
[Source "ChessBase"]
[SourceDate "2018.10.10"]
[SourceVersion "1"]
[SourceVersionDate "2018.10.10"]
[SourceQuality "1"]
[WhiteTeam "Worms"]
[BlackTeam "Koblenz SV"]
[WhiteTeamCountry "GER"]
[BlackTeamCountry "GER"]

1. e4 e6 2. d4 d5 3. Nc3 Nf6 4. e5 Nfd7 5. f4 c5 6. Nf3 Nc6 7. Be3 Qb6 8. Qd2 Qxb2 9. Rb1 Qa3 10. Bb5 c4 11. 0-0 Nb6 12. Qe1 Bd7 13. Bc1 Qe7 14. a4 0-0-0 15. f5 exf5 16. Ra1 Nb4 17. a5 Na8 18. Ba3 Qe6 19. Qd2 Nc7 20. a6 b6 21. Rfb1 Nxb5 22. Bxb4 Bxb4 23. Rxb4 Nxc3 24. Qxc3 h6 25. Nd2 g5 26. Nxc4 dxc4 27. Rxc4+ Kb8 28. Qf3 Bc8 29. Rb4 Qd5 30. Qd3 Qe4 31. Qc3 Be6 32. Re1 Qd5 33. Qb2 Rd7 34. Rd1 Rc8 35. c3 Rdc7 36. Ra1 Rxc3 0-1

[Event "Oberliga Sued W 1314"]
[Site "Germany"]
[Date "2013.10.13"]
[Round "1.8"]
[White "Steinkohl, Thomas"]
[Black "Hirschinger, Thomas"]
[Result "1/2-1/2"]
[WhiteElo "2249"]
[BlackElo "2045"]
[PlyCount "71"]
[EventDate "2013.10.13"]
[EventType "team-tourn"]
[EventRounds "9"]
[EventCountry "GER"]
[SourceTitle "EXT 2015"]
[Source "ChessBase"]
[SourceDate "2014.11.20"]
[SourceVersion "1"]
[SourceVersionDate "2014.11.20"]
[SourceQuality "1"]
[WhiteTeam "Worms"]
[BlackTeam "Landau"]
[WhiteTeamCountry "GER"]
[BlackTeamCountry "GER"]

1. c4 Nf6 2. Nc3 c5 3. g3 g6 4. Bg2 Bg7 5. Rb1 Nc6 6. a3 a5 7. Nf3 0-0 8. 0-0 d5 9. cxd5 Nxd5 10. Ng5 e6 11. Nge4 b6 12. d3 Bb7 13. Bg5 f6 14. Bd2 Rb8 15. Nxd5 exd5 16. Nc3 d4 17. Qb3+ Kh8 18. Nd5 Ba8 19. Nf4 Qd6 20. Ne6 Rfe8 21. Bf4 Ne5 22. Bxa8 Rxa8 23. Nxg7 Kxg7 24. Qb5 Qd7 25. Qxd7+ Nxd7 26. Rfe1 Kf7 27. Kf1 Rec8 28. h4 h5 29. a4 Re8 30. Rec1 Ne5 31. Rc2 Nc6 32. Rbc1 Nb4 33. Rc4 Nd5 34. Bd2 Re6 35. R4c2 Ree8 36. Re1 1/2-1/2

[Event "Oberliga Sued W 1011"]
[Site "Germany"]
[Date "2010.10.24"]
[Round "2.3"]
[White "Moeldner, Juergen"]
[Black "Steinkohl, Thomas"]
[Result "1-0"]
[WhiteElo "2216"]
[BlackElo "2172"]
[PlyCount "55"]
[EventDate "2010.10.10"]
[EventType "team-tourn"]
[EventRounds "9"]
[EventCountry "GER"]
[SourceTitle "EXT 2012"]
[Source "ChessBase"]
[SourceDate "2011.11.24"]
[SourceVersion "1"]
[SourceVersionDate "2011.11.24"]
[SourceQuality "1"]
[WhiteTeam "Landau"]
[BlackTeam "Worms"]
[WhiteTeamCountry "GER"]
[BlackTeamCountry "GER"]

1. d4 Nf6 2. c4 e6 3. Nf3 b6 4. g3 Ba6 5. Qc2 b5 6. cxb5 Bxb5 7. Bg2 Nc6 8. a3 Rb8 9. 0-0 Bd6 10. Rd1 Qe7 11. e4 e5 12. d5 Nd8 13. Nc3 Ba6 14. Qa4 Bb7 15. Nb5 0-0 16. Nxd6 Qxd6 17. Be3 Ba6 18. Rac1 Nb7 19. Nxe5 Qxe5 20. Qxa6 Nxe4 21. Bxa7 Nbc5 22. Bxc5 Nxc5 23. Rxc5 Rxb2 24. Qc4 h5 25. Rxc7 h4 26. Rc8 h3 27. Rxf8+ Kxf8 28. Bxh3 1-0

[Event "Einhausen Ried op 5th"]
[Site "Einhausen"]
[Date "2010.04.30"]
[Round "2"]
[White "Sattel, Dominique"]
[Black "Steinkohl, Thomas"]
[Result "1/2-1/2"]
[WhiteElo "2061"]
[BlackElo "2248"]
[PlyCount "40"]
[EventDate "2010.04.29"]
[EventType "swiss"]
[EventRounds "7"]
[EventCountry "GER"]
[SourceTitle "CBM 136 Extra"]
[Source "ChessBase"]
[SourceDate "2010.07.02"]
[SourceVersion "2"]
[SourceVersionDate "2010.07.15"]
[SourceQuality "1"]

1. Nc3 d5 2. e4 e6 3. f4 dxe4 4. Nxe4 Nf6 5. Ng3 Qd4 6. Nf3 Qxf4 7. d4 Qd6 8. Bd3 c5 9. dxc5 Qxc5 10. Qe2 Nc6 11. Be3 Qa5+ 12. Bd2 Bb4 13. c3 Bd6 14. Nf5 Bf8 15. 0-0 Bd7 16. b4 Qb6+ 17. Be3 Qc7 18. N3d4 Qe5 19. Nf3 Qc7 20. N3d4 Qe5 1/2-1/2

[Event "Einhausen op"]
[Site "Einhausen"]
[Date "2009.??.??"]
[Round "3"]
[White "Nabavi, Parwis"]
[Black "Steinkohl, Thomas"]
[Result "1/2-1/2"]
[WhiteElo "2145"]
[BlackElo "2265"]
[PlyCount "116"]
[EventDate "2009.??.??"]
[EventType "swiss"]
[EventRounds "7"]
[EventCountry "GER"]
[SourceTitle "EXT 2011"]
[Source "ChessBase"]
[SourceDate "2010.11.26"]
[SourceVersion "1"]
[SourceVersionDate "2010.11.26"]
[SourceQuality "1"]

1. d4 Nf6 2. c4 e6 3. Nf3 b6 4. g3 Ba6 5. b3 Bb4+ 6. Bd2 Be7 7. Bg2 c6 8. Bc3 Ne4 9. 0-0 d5 10. Bb2 Nd7 11. Nbd2 Nxd2 12. Nxd2 0-0 13. e4 Rc8 14. Re1 Bb4 15. Rc1 dxc4 16. bxc4 Ne5 17. Qc2 Bxd2 18. Qxd2 Nxc4 19. Qc2 Nxb2 20. Qxb2 Qe7 21. e5 Bb5 22. Qb3 Rfd8 23. a4 Ba6 24. Qb2 c5 25. dxc5 Rxc5 26. Rxc5 Qxc5 27. Rc1 Qa5 28. Bc6 h5 29. f4 Rd2 30. Qc3 Rd1+ 31. Kg2 Bf1+ 32. Kf2 Qa6 33. Rc2 Bh3 34. Bb5 Qb7 35. Qc8+ Qxc8 36. Rxc8+ Kh7 37. Rc7 Rd2+ 38. Ke3 Rxh2 39. Rxf7 a5 40. Rb7 Bg4 41. Bd3+ Kh6 42. Rxb6 g6 43. Bc4 Rg2 44. Bxe6 Rxg3+ 45. Kd4 h4 46. Bxg4 Rxg4 47. Ke4 h3 48. Rb8 g5 49. Rh8+ Kg6 50. Rxh3 Rxf4+ 51. Kd5 g4 52. Ra3 Kf7 53. Ra2 g3 54. Rg2 Rg4 55. Kc5 Rg5 56. Kb6 Ke6 57. Kxa5 Kxe5 58. Kb6 Kf4 1/2-1/2

[Event "Einhausen op"]
[Site "Einhausen"]
[Date "2009.??.??"]
[Round "2"]
[White "Steinkohl, Thomas"]
[Black "Reinhardt, Ralph"]
[Result "1-0"]
[WhiteElo "2265"]
[BlackElo "2070"]
[PlyCount "63"]
[EventDate "2009.??.??"]
[EventType "swiss"]
[EventRounds "7"]
[EventCountry "GER"]
[SourceTitle "EXT 2011"]
[Source "ChessBase"]
[SourceDate "2010.11.26"]
[SourceVersion "1"]
[SourceVersionDate "2010.11.26"]
[SourceQuality "1"]

1. d4 Nf6 2. c4 c5 3. d5 b5 4. Nf3 g6 5. cxb5 a6 6. Nc3 Bg7 7. d6 0-0 8. Bf4 e6 9. a4 Bb7 10. Be5 Qa5 11. Ra3 Nd5 12. Bxg7 Kxg7 13. e3 Nxc3 14. bxc3 axb5 15. Bxb5 Ba6 16. Rb3 Rc8 17. 0-0 f6 18. Nd2 Qd8 19. Qe2 Bb7 20. e4 Nc6 21. f4 Na5 22. Rbb1 Rcb8 23. Qe3 Qc8 24. c4 Ba6 25. f5 e5 26. fxg6 hxg6 27. Qf2 Qf8 28. Qxc5 Nb7 29. Qd5 Nxd6 30. c5 Nxb5 31. axb5 Bxb5 32. Rxb5 1-0

[Event "Hassloch op 21st"]
[Site "Hassloch"]
[Date "2006.06.05"]
[Round "6"]
[White "Chernov, Vadim A"]
[Black "Steinkohl, Thomas"]
[Result "1/2-1/2"]
[WhiteElo "2458"]
[BlackElo "2243"]
[PlyCount "77"]
[EventDate "2006.06.02"]
[EventType "swiss"]
[EventRounds "7"]
[EventCountry "GER"]
[SourceTitle "CBM 112 Extra"]
[Source "ChessBase"]
[SourceDate "2006.07.14"]
[SourceVersion "1"]
[SourceVersionDate "2006.07.14"]
[SourceQuality "1"]

1. e4 e5 2. Nf3 Nc6 3. Bb5 a6 4. Bxc6 dxc6 5. 0-0 Bg4 6. h3 h5 7. d3 Qf6 8. Be3 Bxf3 9. Qxf3 Qxf3 10. gxf3 Bd6 11. Nd2 Ne7 12. Nc4 Ng6 13. Rfd1 f6 14. Kf1 Nf8 15. Ke2 Ne6 16. c3 0-0-0 17. b4 Be7 18. a4 b6 19. Ra2 c5 20. bxc5 Bxc5 21. Rad2 Bxe3 22. fxe3 h4 23. d4 exd4 24. cxd4 Ng5 25. Rh1 Rhe8 26. Rc2 Kd7 27. Nd2 Re7 28. Kd3 a5 29. d5 Kc8 30. Nc4 Kb7 31. Ke2 Nf7 32. Rg1 g5 33. Rb1 Ka6 34. Kd3 f5 35. Kd4 fxe4 36. fxe4 Rde8 37. Nd2 Nd6 38. Rc6 Kb7 39. Rbxb6+ 1/2-1/2

[Event "Hassloch op 21st"]
[Site "Hassloch"]
[Date "2006.06.04"]
[Round "5"]
[White "Steinkohl, Thomas"]
[Black "Mader, Michael"]
[Result "1-0"]
[WhiteElo "2243"]
[BlackElo "2100"]
[PlyCount "47"]
[EventDate "2006.06.02"]
[EventType "swiss"]
[EventRounds "7"]
[EventCountry "GER"]
[SourceTitle "CBM 112 Extra"]
[Source "ChessBase"]
[SourceDate "2006.07.14"]
[SourceVersion "1"]
[SourceVersionDate "2006.07.14"]
[SourceQuality "1"]

1. e4 c5 2. Nf3 a6 3. c3 d6 4. d4 Nd7 5. Bd3 Qc7 6. 0-0 Ngf6 7. Qe2 e5 8. dxe5 dxe5 9. c4 Be7 10. Nc3 0-0 11. Ne1 Nb8 12. f4 Bd6 13. f5 Nc6 14. g4 h6 15. h4 Nd4 16. Qd1 Qd8 17. g5 Nh7 18. Qh5 hxg5 19. hxg5 Be7 20. Rf2 Bxg5 21. Rh2 Bh6 22. Bxh6 gxh6 23. Qxh6 Qg5+ 24. Rg2 1-0

[Event "Karl Mala Memorial op 08th"]
[Site "Frankfurt"]
[Date "2004.07.24"]
[Round "4"]
[White "Savchenko, Stanislav"]
[Black "Steinkohl, Thomas"]
[Result "1-0"]
[WhiteElo "2543"]
[BlackElo "2158"]
[PlyCount "97"]
[EventDate "2004.07.22"]
[EventType "swiss"]
[EventRounds "7"]
[EventCountry "GER"]
[SourceTitle "EXT 2005"]
[Source "ChessBase"]
[SourceDate "2004.11.15"]
[SourceVersion "1"]
[SourceVersionDate "2004.11.15"]
[SourceQuality "1"]

1. d4 e6 2. c4 d5 3. Nc3 Be7 4. Nf3 Nf6 5. Bf4 0-0 6. e3 c5 7. dxc5 Bxc5 8. cxd5 Nxd5 9. Nxd5 exd5 10. a3 Nc6 11. Bd3 Be7 12. 0-0 Bf6 13. Qc2 g6 14. Rad1 Bg4 15. Be2 Rc8 16. Qb3 Qe7 17. Qxd5 Bxb2 18. Bd6 Qf6 19. Bxf8 Rxf8 20. Qb3 Bc8 21. Rb1 Bc3 22. Rfd1 Ba5 23. Bc4 Nd8 24. Bd5 Bb6 25. Rbc1 Ne6 26. a4 Nc7 27. Be4 Qe7 28. a5 Bxa5 29. Bxb7 Be6 30. Qa4 Bb6 31. Nd4 Rd8 32. Nxe6 Rxd1+ 33. Rxd1 Qxe6 34. Bf3 Kg7 35. Qd7 Qxd7 36. Rxd7 Kf6 37. Bd5 Nxd5 38. Rxd5 Ke6 39. Rd1 a5 40. Kf1 Bc5 41. Ke2 a4 42. Rd8 a3 43. Kd3 Bd6 44. Ra8 h5 45. g3 Kd5 46. e4+ Kc5 47. Rxa3 h4 48. gxh4 Bxh2 49. Ra7 1-0